Chozjajstvennyj rasčet i material'noje stimulirovanije v neproizvodstvennoj sfere
Guardado en:
| Autor principal: | |
|---|---|
| Formato: | Libro |
| Lenguaje: | ruso |
| Publicado: |
Moskva
Universitet
1985
|
| Etiquetas: |
Sin Etiquetas, Sea el primero en etiquetar este registro!
|
MARC
| LEADER | 00000nam a2200000 4500 | ||
|---|---|---|---|
| 001 | c110565 | ||
| 005 | 20041019155147.2 | ||
| 041 | 0 | |a rus | |
| 044 | |a RU | ||
| 245 | 1 | 0 | |a Chozjajstvennyj rasčet i material'noje stimulirovanije v neproizvodstvennoj sfere |c Gennadij Petrovič Ivanov |
| 264 | 1 | |a Moskva |b Universitet |c 1985 | |
| 300 | |a 60 s. | ||
| 100 | 1 | |a Ivanov, Gennadij Petrovič | |